[Event "IBCA Wch blind 09th"]
[Site "Brno"]
[Date "1998.07.12"]
[Round "9"]
[White "Zhunusov, Murat"]
[Black "Draganov, Ruslan"]
[Result "1-0"]
[WhiteElo "2425"]
[BlackElo "2225"]
[PlyCount "63"]
[EventDate "1998.07.04"]
[EventType "swiss"]
[EventRounds "9"]
[EventCountry "CZE"]
[SourceTitle "EXT 1999"]
[Source "ChessBase"]
[SourceDate "1998.11.16"]
[SourceVersion "1"]
[SourceVersionDate "1998.11.16"]
[SourceQuality "1"]

1. e4 c5 2. Nf3 e6 3. d4 cxd4 4. Nxd4 a6 5. Bd3 d5 6. exd5 Qxd5 7. 0-0 Bd7 8. Be3 Nf6 9. Nc3 Qa5 10. Re1 Be7 11. Ne4 0-0 12. Bg5 Qd8 13. Qe2 Nc6 14. Nf3 Ne8 15. Rad1 h6 16. Bf4 Qa5 17. Bc4 Rd8 18. c3 e5 19. Rd5 b5 20. Nxe5 Nxe5 21. Rxe5 Bf6 22. Nxf6+ Nxf6 23. Bb3 Qb6 24. Be3 Qc7 25. Bc5 Ng4 26. Bxf8 Nxe5 27. Qxe5 Qxe5 28. Rxe5 Be6 29. Be7 Rd2 30. h3 Bxb3 31. axb3 Rxb2 32. b4 1-0

[Event "IBCA Wch blind 09th"]
[Site "Brno"]
[Date "1998.07.09"]
[Round "6"]
[White "Draganov, Ruslan"]
[Black "Munck Mortensen, Peter"]
[Result "0-1"]
[WhiteElo "2225"]
[BlackElo "2240"]
[PlyCount "148"]
[EventDate "1998.07.04"]
[EventType "swiss"]
[EventRounds "9"]
[EventCountry "CZE"]
[SourceTitle "EXT 1999"]
[Source "ChessBase"]
[SourceDate "1998.11.16"]
[SourceVersion "1"]
[SourceVersionDate "1998.11.16"]
[SourceQuality "1"]

1. c4 c5 2. Nc3 g6 3. g3 Bg7 4. Bg2 Nc6 5. b3 Rb8 6. Bb2 d6 7. e3 h5 8. Nf3 Bg4 9. h3 Bf5 10. d3 Nb4 11. e4 Bd7 12. Qd2 a6 13. a3 Nc6 14. Nd5 Nd4 15. Nxd4 cxd4 16. b4 Rh7 17. Rc1 Bh6 18. Qd1 Bxc1 19. Qxc1 e6 20. Nf4 Rc8 21. 0-0 h4 22. g4 g5 23. Nh5 e5 24. Qd2 b6 25. Bf3 Rxh5 26. gxh5 Bxh3 27. Re1 Be6 28. Bc1 f6 29. Kh2 Qd7 30. Rg1 b5 31. cxb5 axb5 32. Bd1 Qc7 33. Bb2 Qf7 34. a4 bxa4 35. Bxa4+ Bd7 36. b5 Nh6 37. Ba3 Ra8 38. Qb4 Qe6 39. Rg2 h3 40. Bb3 Ng4+ 41. Kg1 Qe7 42. Rg3 h2+ 43. Kh1 f5 44. Bd5 f4 45. Rxg4 Bxg4 46. Bc6+ Kf7 47. Bxa8 Bf3+ 48. Kxh2 g4 49. Qc4+ Kg7 50. Kg1 g3 51. fxg3 Qg5 52. Qc2 Qxg3+ 53. Kf1 Kh6 54. Qf2 Qh3+ 55. Ke1 Bg4 56. Kd2 Qe3+ 57. Qxe3 dxe3+ 58. Ke1 f3 59. b6 f2+ 60. Kf1 Bh3+ 61. Ke2 f1Q+ 62. Kxe3 Qe1+ 63. Kf3 Qd2 64. b7 Bg2+ 65. Kg3 Bf1 66. Bc1 Qxc1 67. Kf2 Qf4+ 68. Ke1 Qf8 69. Kd2 Bg2 70. Kc3 Qb8 71. Kc4 Kxh5 72. Kd5 Kg6 73. Kc6 Bh3 74. Kd5 Kf6 0-1